| 000 | 01011nam a22002657a 4500 | ||
|---|---|---|---|
| 999 |
_c11240 _d11240 |
||
| 003 | AR-CdUCM | ||
| 008 | 190403b ||||| |||| 00| 0 spa d | ||
| 040 |
_aMUNICIPALIDAD PROVINCIAL DEL CUSCO _cBIBLIOTECA MUNICIPAL DEL CUSCO |
||
| 041 | _hfre | ||
| 082 |
_27ed. _a113 / _bF56 /1866 |
||
| 100 |
_aFlammarion, Camille _928507 |
||
| 245 | _aLa pluralidad de mundos habitados / | ||
| 260 |
_aMadrid : _bCaminos de hierro, _c1866. |
||
| 300 |
_a369 paginas ; _bIlustraciones plegables, _c22 cm. |
||
| 500 | _aDedicatoria | ||
| 505 | _aContenido : Desde la antigüedad hasta la edad media -- Desde la edad media hasta nuestros días -- Descripción del sistema solar -- Estudio comparativo de los planetas -- Los seres sobre la tierra... | ||
| 650 |
_aAspecto de la vida _928508 |
||
| 650 |
_aSistema planetario solar _926597 |
||
| 650 |
_aCosmologia _913090 |
||
| 650 |
_aUniverso _918615 |
||
| 650 |
_aHumanidad _94969 |
||
| 700 |
_aMoreno Jose y Baylen _928509 |
||
| 942 |
_2ddc _cLIBROS |
||
| 945 | _awnts | ||